The Walking Dead Characters (Slideshow) Quiz Stats

Quiz not verified by Sporcle

Challenge
Share
Tweet
Score 0/47 Timer 08:00
0 Plays Today
% Correct
Rick Grimes
99.6%
Daryl Dixon
96.6%
Carl Grimes
95.7%
Philip Blake (The Governor)
95.5%
Shane Walsh
95.4%
Maggie Greene
93.9%
Glenn Rhee
93.7%
Andrea
93.7%
Lori Grimes
92.8%
Carol Peletier
92.3%
Hershel Greene
92.1%
Theodore Douglas (T-Dog)
91.3%
Merle Dixon
90.8%
Michonne
90.7%
Beth Greene
89.7%
Dale Horvath
88.9%
Sophia Peletier
84.8%
Morgan Jones
84.3%
Tyreese Williams
83.8%
Sasha Williams
83.8%
Bob Stookey
82%
Judith Grimes
79.9%
Negan
79.6%
Noah
78.6%
% Correct
Abraham Ford
78.5%
Gabriel Stokes
77.5%
Otis
76.7%
Paul 'Jesus' Rovia
76.1%
Eugene Porter
75.2%
Aaron
71.6%
Lizzie Samuels
71.1%
Tara Chambler
69.8%
Enid
69.2%
Rosita Espinosa
67.4%
Deanna Monroe
66.5%
Jessie Anderson
65.4%
King Ezekiel
65%
Mika Samuels
64.9%
Spencer Monroe
62.6%
Denise Cloyd
58.6%
Nicholas
58%
Dwight
57.7%
Heath
53.5%
Shiva
51.9%
Gregory
43.8%
Simon
42.5%
Tobin
41.2%

You're not logged in!

Compare scores with friends on all Sporcle quizzes.
Sign Up with Email
OR
Log In

You Might Also Like...

Show Comments

Extras

Curator's Pick Apr 21, 2014ReportNominate
Tags:The Walking Dead Quiz, Slideshow

Top Quizzes Today


Score Distribution

Your Account Isn't Verified!

In order to create a playlist on Sporcle, you need to verify the email address you used during registration. Go to your Sporcle Settings to finish the process.